| 000 | 01304nam0a2200373 4500 | ||
|---|---|---|---|
| 001 | RU\NLR\bibl\122552 | ||
| 005 | 20250617101446.0 | ||
| 010 |
_a5-88752-016-4 _93000 |
||
| 021 |
_aRU _b2000-30689 _91438 |
||
| 035 | _a(NLR Aleph) 000120023 | ||
| 090 |
_a683269 _c683269 |
||
| 100 | _a20001012d2000 |||y0rusy50 ca | ||
| 101 | 0 | _arus | |
| 102 | _aRU | ||
| 105 | _ay ||||||||| | ||
| 200 | 1 |
_aКиллеров просят не беспокоиться _eДетектив. география _fСергей Лукницкий |
|
| 210 |
_aМ. _cРус. двор _d2000 |
||
| 215 |
_a301,[1] с. _d17 |
||
| 610 | 0 | _aОрганы государственной безопасности (х. л.) | |
| 610 | 0 | _aПреступники - Борьба с ними (х. л.) | |
| 610 | 0 | _aДетективные романы и рассказы (х. л.) | |
| 675 |
_a821.161.1-31Лукницкий _v3 _zrus |
||
| 686 |
_a17.82 _2rugasnti |
||
| 686 |
_a84(2Рос=Рус)6-44 _2rubbk |
||
| 686 | _aШ6(2=Р)75-446 | ||
| 700 | 1 |
_aЛукницкий _gСергей Павлович _4070 |
|
| 801 | 0 |
_aRU _bRKP _c20001012 _gPSBO |
|
| 801 | 1 |
_aRU _bRKP _c20001012 |
|
| 801 | 2 |
_aRU _bNLR _c20010207 _grcr |
|
| 852 |
_aNLR _j2000-2/2584 |
||
| 942 | _cBOOK | ||
| 980 | _aNB | ||